| 000 | 00534nam a2200145Ia 4500 | ||
|---|---|---|---|
| 008 | 170221s9999 xx 000 0 und d | ||
| 100 | _aMohammed R. Yaseen Zeebaree | ||
| 245 | 4 | _aThe Impact of Entrepreneurial Orientation on Competitive Advantage Moderated by Financing Support in SMEs | |
| 245 | _cMohammed R. Yaseen Zeebaree, Rusinah Bt. Siron | ||
| 260 | _bInternational Review of Management and Marketing | ||
| 260 | _c2017 | ||
| 300 | _a7 : 1 | ||
| 650 | _xMarketing. | ||
| 856 | _uhttp://www.econjournals.com/index.php/irmm | ||
| 999 |
_c308051 _d308051 |
||